000 00716nam a2200265Ia 4500
005 20260302114359.0
008 008 260114s9999 xx 000 0 eng d
020 _a9781978733695
037 _aTextbook
040 _aCRL
040 _beng
040 _cCRL
041 _2eng
041 _aeng
084 _qCRL
100 _aJeffrey Metzger
_91118607
245 4 _aThe Rise of Politics and Morality in Nietzsche's Genealogy From Chaos to Conscience
260 _bBloomsbury
260 _bLexington Books
260 _c2019
650 _aPhilosophy
856 _uhttps://doi.org/10.5040/9781978733695?locatt=label:secondary_bloomsburyCollections
942 _cEBOOK
999 _c1682342
_d1682342